00883nam a22001937a 4500003000900000008004100009040007100050082001700121100002100138245014800159260003200307300002800339505019900367650001700566650002100583650003100604650002800635700002600663AR-CdUCM190311b ||||| |||| 00| 0 spa d aMUNICIPALIDAD PROVINCIAL DEL CUSCOcBIBLIOTECA MUNICIPAL DEL CUSCO a370.1 /bG79 aGresvi, Svetlana a¿Objetivos vs competencias? :bAnálisis histórico y epistemológico de los constructos curriculares, objetivo educacional y competencia / aLima :bDanny Graff,c2014. a204 páginas ;c22 cm. aNacimiento y afirmación de la concepción científica tecnológica -- Pre ingeniería y difusión del paradigma científico -- Constructo competencia y su transformación histórica... aEducación. aEpistemología. aConcepción científica. aParadigma científico. aCuba Esquivel, Amadeo